[Event "DEM U16w 2003"]
[Site "Willingen GER"]
[Date "2003.06.09"]
[Round "3"]
[White "Beltz, Carmen"]
[Black "Mersmann, Maren"]
[Result "1/2-1/2"]
[Termination "normal"]
[Board "12"]
[WhiteElo "1690"]
[BlackElo "1669"]
[PlyCount "59"]
[WhiteFideId "24608726"]
[EventCountry "GER"]
[EventRounds "9"]
[EventType "swiss"]
[EventDate "2003.06.07"]

1. e4 e5 2. Nf3 Nc6 3. Nc3 Nf6 4. d4 exd4 5. Nxd4 Bb4 6. Nxc6 bxc6 7. Bd3 d5 8.
exd5 cxd5 9. O-O O-O 10. Bg5 c6 11. Qf3 Be7 12. h3 Rb8 13. b3 Be6 14. Ne2 Re8
15. Nd4 Bd7 16. Nf5 Bxf5 17. Qxf5 Qd7 18. Qf3 Qd8 19. Rad1 Nd7 20. Bf4 Rb4 21.
c3 Rb7 22. c4 Nf6 23. Rfe1 Bb4 24. Rxe8+ Qxe8 25. Bg5 Ne4 26. Bxe4 dxe4 27. Qf5
f6 28. Be3 Re7 29. Qg4 Rf7 30. Bf4 1/2-1/2

[Event "DEM U16w 2003"]
[Site "Willingen GER"]
[Date "2003.06.09"]
[Round "3"]
[White "Herkt, Julia"]
[Black "Henneberg, Olga"]
[Result "1-0"]
[Termination "normal"]
[Board "13"]
[WhiteElo "1638"]
[BlackElo "1520"]
[PlyCount "41"]
[EventCountry "GER"]
[EventRounds "9"]
[EventType "swiss"]
[EventDate "2003.06.07"]

1. e4 d5 2. exd5 Qxd5 3. Nc3 Qa5 4. d4 c6 5. Bc4 Bf5 6. Bd2 e6 7. d5 cxd5 8.
Nxd5 Qd8 9. Qe2 Bc5 10. O-O-O Ne7 11. Nxe7 Qxe7 12. g4 Bg6 13. h4 h6 14. f4 O-O
15. h5 Bh7 16. g5 hxg5 17. fxg5 Bf5 18. h6 f6 19. hxg7 Kxg7 20. gxf6+ Qxf6 21.
Bc3 1-0

[Event "DEM U16w 2003"]
[Site "Willingen GER"]
[Date "2003.06.09"]
[Round "3"]
[White "Kaplun, Viktoria"]
[Black "Janiesch, Maike"]
[Result "1-0"]
[Termination "normal"]
[Board "14"]
[WhiteElo "1502"]
[BlackElo "1529"]
[PlyCount "59"]
[WhiteFideId "24621676"]
[EventCountry "GER"]
[EventRounds "9"]
[EventType "swiss"]
[EventDate "2003.06.07"]

1. d4 d5 2. c4 e6 3. Nc3 Nf6 4. cxd5 exd5 5. Bg5 Be7 6. Nf3 c6 7. e3 Be6 8. Bd3
Nbd7 9. Qc2 h6 10. Bf4 O-O 11. h3 Re8 12. g4 Nf8 13. g5 hxg5 14. Bxg5 Nh5 15.
Bxe7 Qxe7 16. O-O-O Qf6 17. Ne5 Nd7 18. Ng4 Qe7 19. Rdg1 g6 20. Ne5 Nxe5 21.
dxe5 Qf8 22. Be2 Qh6 23. f4 Bf5 24. Qd1 Kh7 25. Rg5 Ng7 26. h4 Kg8 27. h5 gxh5
28. Rhxh5 Qe6 29. Qh1 Kf8 30. Rh8+ 1-0

[Event "DEM U16w 2003"]
[Site "Willingen GER"]
[Date "2003.06.10"]
[Round "5"]
[White "Schulz, Stefanie"]
[Black "Hoolt, Sarah"]
[Result "1/2-1/2"]
[Termination "normal"]
[Board "1"]
[WhiteElo "2101"]
[BlackElo "1820"]
[PlyCount "77"]
[WhiteFideId "4693060"]
[BlackFideId "24606812"]
[EventCountry "GER"]
[EventRounds "9"]
[EventType "swiss"]
[EventDate "2003.06.07"]

1. e4 c5 2. Nf3 Nc6 3. d4 cxd4 4. Bc4 g6 5. O-O Bg7 6. Qe2 d6 7. Rd1 Nf6 8. h3
O-O 9. c3 Qc7 10. cxd4 e6 11. Nc3 a6 12. Bg5 b5 13. Bb3 Bb7 14. Rac1 Rac8 15.
d5 Na5 16. dxe6 Nxb3 17. exf7+ Rxf7 18. axb3 Qb8 19. Bxf6 Bxf6 20. Nd5 Re8 21.
Nxf6+ Rxf6 22. Rd4 Rfe6 23. Qd2 Rxe4 24. Rxd6 Re2 25. Qd4 Bxf3 26. gxf3 R2e6
27. Rd7 Qe5 28. Qxe5 Rxe5 29. Rcc7 Rh5 30. Rg7+ Kh8 31. Kg2 Ra8 32. Ra7 Rxa7
33. Rxa7 Rd5 34. Rxa6 Rd3 35. Re6 Rxb3 36. Re2 Kg7 37. Kg3 Kf6 38. h4 h5 39.
Kg2 1/2-1/2

[Event "DEM U16w 2003"]
[Site "Willingen GER"]
[Date "2003.06.10"]
[Round "5"]
[White "Krenz, Sarah"]
[Black "Romakin, Helene"]
[Result "1/2-1/2"]
[Termination "normal"]
[Board "3"]
[WhiteElo "1755"]
[BlackElo "1865"]
[PlyCount "78"]
[BlackFideId "24605964"]
[EventCountry "GER"]
[EventRounds "9"]
[EventType "swiss"]
[EventDate "2003.06.07"]

1. d4 Nf6 2. Nf3 c5 3. g3 g6 4. Bg2 Bg7 5. O-O cxd4 6. Nxd4 O-O 7. c4 d6 8. Nc3
a6 9. e3 Qc7 10. Qe2 Bg4 11. Qd3 Nbd7 12. b3 Rac8 13. h3 Nc5 14. Qd2 Bd7 15.
Bb2 Bc6 16. Nxc6 bxc6 17. Rac1 a5 18. Rfd1 Qb6 19. Ba3 Nfd7 20. Ne2 Rc7 21. Nd4
Ne5 22. Qe2 Rb8 23. f4 Ned7 24. Qf3 e5 25. Nc2 Bf8 26. Bxc5 Nxc5 27. fxe5 dxe5
28. Qf6 Nd7 29. Qf2 Bc5 30. Kh2 Re8 31. Rf1 Nf8 32. Rcd1 Ne6 33. Qf6 Ng7 34.
Rd8 Rxd8 35. Qxd8+ Bf8 36. Qf6 Nf5 37. Rxf5 gxf5 38. Qg5+ Kh8 39. Qf6+ Kg8
1/2-1/2

[Event "DEM U16w 2003"]
[Site "Willingen GER"]
[Date "2003.06.10"]
[Round "5"]
[White "Großmann, Susan"]
[Black "Schmidt, Jade"]
[Result "1-0"]
[Termination "normal"]
[Board "4"]
[WhiteElo "1793"]
[BlackElo "1519"]
[PlyCount "111"]
[WhiteFideId "24608220"]
[EventCountry "GER"]
[EventRounds "9"]
[EventType "swiss"]
[EventDate "2003.06.07"]

1. e4 e6 2. Qe2 e5 3. Nf3 Nc6 4. g3 Bc5 5. d3 d6 6. Be3 Bxe3 7. Qxe3 Bg4 8. Bg2
Bxf3 9. Qxf3 Nd4 10. Qd1 Qd7 11. c3 Ne6 12. O-O Ne7 13. Nd2 c6 14. Nf3 O-O 15.
Re1 f5 16. Qb3 Kh8 17. exf5 Nc5 18. Qc2 Qxf5 19. Rad1 Ng6 20. Qd2 Rae8 21. b4
Ne6 22. Re2 d5 23. Rde1 Nc7 24. Qg5 Qxg5 25. Nxg5 Nb5 26. c4 dxc4 27. dxc4 Nd4
28. Rd2 Kg8 29. Be4 Ne6 30. Nxe6 Rxe6 31. Bxg6 hxg6 32. Rd7 Rf7 33. Red1 Ree7
34. Rxe7 Rxe7 35. Kf1 Kf7 36. Ke2 Kf6 37. Ke3 Kf5 38. f3 Ke6 39. Ke4 Rf7 40. c5
Ke7 41. Rd6 Rf6 42. Kxe5 Rxf3 43. Rxg6 Kf7 44. Rd6 Re3+ 45. Kf4 Re7 46. Kf5 Rc7
47. h4 Re7 48. g4 Rc7 49. g5 Re7 50. g6+ Ke8 51. Re6 Kf8 52. Rxe7 Kxe7 53. h5
b6 54. Ke5 b5 55. Kf5 a6 56. a3 1-0

[Event "DEM U16w 2003"]
[Site "Willingen GER"]
[Date "2003.06.10"]
[Round "5"]
[White "Wölfer, Wiebke"]
[Black "Katte, Isabel"]
[Result "1/2-1/2"]
[Termination "normal"]
[Board "5"]
[WhiteElo "1760"]
[BlackElo "1712"]
[PlyCount "54"]
[BlackFideId "24612987"]
[EventCountry "GER"]
[EventRounds "9"]
[EventType "swiss"]
[EventDate "2003.06.07"]

1. e4 e6 2. d3 d5 3. Qe2 dxe4 4. dxe4 b6 5. c3 Ba6 6. Qc2 Bxf1 7. Kxf1 e5 8.
Nf3 Bd6 9. g3 h6 10. Kg2 Nf6 11. Nbd2 Nbd7 12. Nc4 Qe7 13. Be3 Bc5 14. b4 Bxe3
15. Nxe3 O-O 16. Nf5 Qe6 17. Qe2 a5 18. Rhc1 Kh7 19. Nd2 Rfc8 20. a3 g6 21. Ne3
c6 22. c4 Kg7 23. f3 Ra7 24. Nc2 Rca8 25. Qe3 Qd6 26. Rd1 Qc7 27. Nb3 axb4
1/2-1/2

[Event "DEM U16w 2003"]
[Site "Willingen GER"]
[Date "2003.06.10"]
[Round "5"]
[White "Forchmann, Anneliese"]
[Black "Neldner, Uta"]
[Result "0-1"]
[Termination "normal"]
[Board "6"]
[WhiteElo "1715"]
[BlackElo "1723"]
[PlyCount "46"]
[BlackFideId "24604070"]
[EventCountry "GER"]
[EventRounds "9"]
[EventType "swiss"]
[EventDate "2003.06.07"]

1. e4 c5 2. Nf3 Nc6 3. d4 cxd4 4. Nxd4 Nf6 5. Nc3 e5 6. Ndb5 d6 7. Bg5 a6 8.
Na3 b5 9. Bxf6 gxf6 10. Nd5 f5 11. Bd3 Be6 12. O-O Bg7 13. c3 O-O 14. Nc2 Rc8
15. Qh5 fxe4 16. Bxe4 f5 17. Bd3 e4 18. Nf4 Bf7 19. Qxf5 exd3 20. Qxd3 Bc4 21.
Qg3 Bxf1 22. Rxf1 Qf6 23. Ne3 Qxf4 0-1

[Event "DEM U16w 2003"]
[Site "Willingen GER"]
[Date "2003.06.10"]
[Round "5"]
[White "Beltz, Carmen"]
[Black "Nieberle, Cornelia"]
[Result "1/2-1/2"]
[Termination "normal"]
[Board "7"]
[WhiteElo "1690"]
[BlackElo "1450"]
[PlyCount "109"]
[WhiteFideId "24608726"]
[EventCountry "GER"]
[EventRounds "9"]
[EventType "swiss"]
[EventDate "2003.06.07"]

1. e4 e5 2. Nf3 Nc6 3. Nc3 Nf6 4. d4 exd4 5. Nxd4 Bc5 6. Nxc6 bxc6 7. Bd3 O-O
8. O-O d6 9. Bg5 h6 10. Bh4 Rb8 11. Rb1 Bd4 12. h3 Be6 13. Qf3 Qd7 14. Be2 Nh7
15. Rbd1 Bf6 16. Bxf6 Nxf6 17. b3 Rfe8 18. Rfe1 Qe7 19. Bd3 Bd7 20. Re3 Qe5 21.
Ne2 Qh5 22. Qg3 Qe5 23. Nf4 Nh5 24. Nxh5 Qxh5 25. Rde1 Re6 26. e5 Rd8 27. f4
dxe5 28. Rxe5 Rxe5 29. Rxe5 Qd1+ 30. Kh2 Qa1 31. f5 Re8 32. Rxe8+ Bxe8 33. Qxc7
Qd4 34. Qe7 Qf4+ 35. Kg1 Qd4+ 36. Kf1 Qd7 37. Qxd7 Bxd7 38. Kf2 Kf8 39. Ke3 Ke7
40. Kd4 Kd6 41. b4 Be8 42. c4 f6 43. a4 Bd7 44. c5+ Kc7 45. b5 Be8 46. g3 h5
47. Kc3 a5 48. bxa6 Kb8 49. Kd4 Ka7 50. Ke4 Kb8 51. Kf4 Ka7 52. g4 hxg4 53.
hxg4 Kb8 54. g5 Ka8 55. Kg4 1/2-1/2

[Event "DEM U16w 2003"]
[Site "Willingen GER"]
[Date "2003.06.10"]
[Round "5"]
[White "Butschek, Tanja"]
[Black "Stemmler, Lysan"]
[Result "1-0"]
[Termination "normal"]
[Board "8"]
[WhiteElo "1680"]
[BlackElo "1445"]
[PlyCount "91"]
[WhiteFideId "24604640"]
[BlackFideId "24622451"]
[EventCountry "GER"]
[EventRounds "9"]
[EventType "swiss"]
[EventDate "2003.06.07"]

1. e4 d6 2. d4 Nf6 3. Nc3 g6 4. Nf3 Bg7 5. h3 O-O 6. Be2 c6 7. O-O Nbd7 8. Be3
Qc7 9. Qd2 e5 10. Rad1 Re8 11. d5 c5 12. b3 a6 13. Bd3 b5 14. Nh4 b4 15. Ne2 a5
16. c3 Qb7 17. Ng3 Rf8 18. Bh6 bxc3 19. Qg5 Ne8 20. Bxg7 Nxg7 21. Nhf5 f6 22.
Nh6+ Kh8 23. Qe3 Nb8 24. f4 Qe7 25. Bc4 Ne8 26. Qxc3 Qg7 27. Ng4 Bxg4 28. hxg4
Nd7 29. Bb5 Nc7 30. Bc6 Ra7 31. Bxd7 Qxd7 32. fxe5 Nb5 33. Qd3 dxe5 34. g5 Nd4
35. Rxf6 Kg7 36. Rdf1 Raa8 37. Ne2 Qg4 38. Nxd4 cxd4 39. Qb5 Qxg5 40. Qd7+ Kh6
41. Rxf8 Rxf8 42. Rxf8 Qe3+ 43. Kh2 Qxe4 44. Rf3 d3 45. Qh3+ Kg7 46. Rxd3 1-0

[Event "DEM U16w 2003"]
[Site "Willingen GER"]
[Date "2003.06.10"]
[Round "5"]
[White "Winkelmann, Elena"]
[Black "Busse, Nadine"]
[Result "1-0"]
[Termination "normal"]
[Board "10"]
[WhiteElo "1643"]
[BlackElo "1586"]
[PlyCount "45"]
[WhiteFideId "24607630"]
[BlackFideId "24632023"]
[EventCountry "GER"]
[EventRounds "9"]
[EventType "swiss"]
[EventDate "2003.06.07"]

1. d4 d5 2. c4 e6 3. cxd5 exd5 4. Nc3 Nf6 5. Bg5 Nbd7 6. e3 Be7 7. Bd3 O-O 8.
Qc2 c6 9. Nf3 Re8 10. O-O-O Nf8 11. Rdg1 b5 12. Bxf6 Bxf6 13. g4 a5 14. g5 Be7
15. h4 a4 16. Ne5 Qd6 17. h5 a3 18. b3 Bb7 19. Bxh7+ Nxh7 20. g6 fxg6 21. hxg6
Nf6 22. Nf7 Qd7 23. Rh8# 1-0

[Event "DEM U16w 2003"]
[Site "Willingen GER"]
[Date "2003.06.10"]
[Round "5"]
[White "Wolk, Friederike"]
[Black "Dietzen, Corinna"]
[Result "0-1"]
[Termination "normal"]
[Board "11"]
[WhiteElo "1684"]
[BlackElo "1621"]
[PlyCount "90"]
[WhiteFideId "4693400"]
[BlackFideId "24621021"]
[EventCountry "GER"]
[EventRounds "9"]
[EventType "swiss"]
[EventDate "2003.06.07"]

1. e4 c5 2. Nc3 Nc6 3. g3 g6 4. Bg2 Bg7 5. d3 d6 6. Be3 Bd7 7. Qd2 Nf6 8. h3
Rb8 9. Bh6 O-O 10. Bxg7 Kxg7 11. f4 e5 12. Nge2 Qb6 13. Nd1 Ne8 14. f5 Ne7 15.
g4 Bc6 16. h4 Kh8 17. Ng3 d5 18. h5 gxf5 19. Nxf5 Nxf5 20. gxf5 dxe4 21. Bxe4
Bxe4 22. dxe4 Nf6 23. Qc3 Rbe8 24. Nf2 Rg8 25. O-O-O Rg2 26. Rdf1 c4 27. Qe1
Reg8 28. Rh3 R8g5 29. h6 Qa6 30. Ra3 Qb6 31. Rh3 Nh5 32. Nd1 Qxh6 33. Kb1 R5g3
34. Rfh1 Rxh3 35. Rxh3 Qg5 36. Qh1 Rg1 37. Rxh5 Rxh1 38. Rxh1 Qf4 39. Nc3 Qf3
40. Re1 a6 41. a4 h5 42. Nd5 h4 43. Rg1 h3 44. Nf6 Qg2 45. Rd1 h2 0-1

[Event "DEM U16w 2003"]
[Site "Willingen GER"]
[Date "2003.06.10"]
[Round "5"]
[White "Kaplun, Viktoria"]
[Black "Hammerich, Nadine"]
[Result "1-0"]
[Termination "normal"]
[Board "12"]
[WhiteElo "1502"]
[BlackElo "1435"]
[PlyCount "55"]
[WhiteFideId "24621676"]
[EventCountry "GER"]
[EventRounds "9"]
[EventType "swiss"]
[EventDate "2003.06.07"]

1. d4 c5 2. d5 e5 3. dxe6 fxe6 4. e4 d5 5. exd5 Qxd5 6. Bd2 Nf6 7. Nf3 Be7 8.
Nc3 Qd6 9. Bc4 a6 10. a4 O-O 11. a5 Nc6 12. O-O Ng4 13. Ne4 Qc7 14. Ng3 Kh8 15.
Re1 Nge5 16. Nxe5 Nxe5 17. Ba2 Rd8 18. Qe2 Bf6 19. Bf4 Re8 20. Bxe5 Qc6 21.
Bxf6 gxf6 22. Bb3 e5 23. Ba4 Qe6 24. Bxe8 Qxe8 25. Rad1 Qg8 26. Qd3 Be6 27. Qf3
Qg6 28. Qxb7 1-0

[Event "DEM U16w 2003"]
[Site "Willingen GER"]
[Date "2003.06.10"]
[Round "5"]
[White "Janiesch, Maike"]
[Black "Herkt, Julia"]
[Result "0-1"]
[Termination "normal"]
[Board "13"]
[WhiteElo "1529"]
[BlackElo "1638"]
[PlyCount "60"]
[EventCountry "GER"]
[EventRounds "9"]
[EventType "swiss"]
[EventDate "2003.06.07"]

1. d4 d5 2. c4 e6 3. Nc3 c6 4. cxd5 exd5 5. Nf3 Nf6 6. Bg5 Be7 7. e3 Nbd7 8.
Bd3 O-O 9. Qc2 Re8 10. O-O Nf8 11. Rab1 Bg4 12. Ne5 Bh5 13. b4 a6 14. Na4 Bd6
15. f4 Qc7 16. Bxf6 gxf6 17. Nf3 Rxe3 18. h3 Bxf4 19. Rbe1 Rxe1 20. Rxe1 Bg3
21. Rf1 Qf4 22. Qd2 Re8 23. Qxf4 Bxf4 24. Kh1 Bg6 25. Bxg6 Nxg6 26. Nc5 b5 27.
Nb3 Re2 28. a3 Bg3 29. Nc5 Rc2 30. Kg1 Nf4 0-1

[Event "DEM U16w 2003"]
[Site "Willingen GER"]
[Date "2003.06.10"]
[Round "5"]
[White "Henneberg, Olga"]
[Black "Hafner, Katrin"]
[Result "0-1"]
[Termination "normal"]
[Board "14"]
[WhiteElo "1520"]
[BlackElo "1370"]
[PlyCount "86"]
[BlackFideId "24668001"]
[EventCountry "GER"]
[EventRounds "9"]
[EventType "swiss"]
[EventDate "2003.06.07"]

1. c4 e5 2. Nc3 Nc6 3. Nf3 d6 4. g3 f5 5. Bg2 Nf6 6. O-O g6 7. d3 Bg7 8. Rb1
O-O 9. b4 Be6 10. Bd2 h6 11. b5 Ne7 12. a4 Qd7 13. a5 c6 14. Qc1 Kh7 15. Qa3
Rac8 16. a6 b6 17. bxc6 Nxc6 18. Nb5 Rfd8 19. Ne1 d5 20. cxd5 Bxd5 21. Nf3 e4
22. dxe4 Bxe4 23. Rbd1 Ng4 24. Nc3 Na5 25. Nxe4 fxe4 26. Bxa5 Qxd1 27. Rxd1
Rxd1+ 28. Bf1 bxa5 29. Qxa5 exf3 30. exf3 Ne5 31. Kg2 Nxf3 32. Be2 Ra1 33. Qd5
Ng5 34. f4 Rc2 35. fxg5 Rxe2+ 36. Kf3 Rxh2 37. gxh6 Rxh6 38. Qb7 g5 39. Qe4+
Rg6 40. Qg4 Ra3+ 41. Ke2 Raxa6 42. Qh3+ Kg8 43. Qc8+ Bf8 0-1

[Event "DEM U16w 2003"]
[Site "Willingen GER"]
[Date "2003.06.11"]
[Round "6"]
[White "Neldner, Uta"]
[Black "Schulz, Stefanie"]
[Result "1/2-1/2"]
[Termination "normal"]
[Board "1"]
[WhiteElo "1723"]
[BlackElo "2101"]
[PlyCount "48"]
[WhiteFideId "24604070"]
[BlackFideId "4693060"]
[EventCountry "GER"]
[EventRounds "9"]
[EventType "swiss"]
[EventDate "2003.06.07"]

1. d4 Nf6 2. e3 g6 3. Bd3 Bg7 4. f4 O-O 5. Nf3 d6 6. O-O Nc6 7. e4 Bg4 8. c3 e5
9. d5 Ne7 10. h3 Bxf3 11. Qxf3 exf4 12. Bxf4 Nd7 13. Nd2 Ne5 14. Qe3 Qd7 15.
Nf3 Nxd3 16. Qxd3 f5 17. Rae1 Rae8 18. Ng5 fxe4 19. Nxe4 Rf5 20. c4 Ref8 21.
Qd2 h6 22. Ng3 R5f7 23. Bxh6 Nf5 24. Nxf5 gxf5 1/2-1/2

[Event "DEM U16w 2003"]
[Site "Willingen GER"]
[Date "2003.06.11"]
[Round "6"]
[White "Krege, Sandra"]
[Black "Krenz, Sarah"]
[Result "1/2-1/2"]
[Termination "normal"]
[Board "2"]
[WhiteElo "1902"]
[BlackElo "1755"]
[PlyCount "96"]
[WhiteFideId "4680910"]
[EventCountry "GER"]
[EventRounds "9"]
[EventType "swiss"]
[EventDate "2003.06.07"]

1. e4 d6 2. d4 Nf6 3. Nc3 g6 4. f4 Bg7 5. Nf3 c5 6. Bb5+ Bd7 7. e5 Ng4 8. e6
Bxb5 9. exf7+ Kd7 10. Nxb5 Qa5+ 11. Nc3 cxd4 12. Nxd4 Bxd4 13. Qxd4 Nf6 14. Qd1
Nc6 15. O-O Rhf8 16. Be3 Rxf7 17. a3 Rc8 18. Qe2 Qh5 19. Qxh5 Nxh5 20. Rad1 Nf6
21. Bc1 Na5 22. Rf3 Rff8 23. Re1 Nc6 24. Rd3 Rf7 25. g3 Rff8 26. Kg2 Rb8 27. b3
b6 28. Bb2 Rb7 29. Red1 Na5 30. R1d2 Rf7 31. Rf3 Rb8 32. Re2 Nc6 33. Rd3 Rb7
34. Ne4 Nxe4 35. Rxe4 Rc7 36. Re2 Rf8 37. c4 Rf7 38. Red2 Kc8 39. Rd1 Rf8 40.
Re3 Rf7 41. Kh3 Kd7 42. Rdd3 Na5 43. Rf3 Rc8 44. g4 Rcf8 45. Kg3 Nb7 46. Bd4
Kc6 47. Rde3 Kd7 48. Rd3 Kc6 1/2-1/2

[Event "DEM U16w 2003"]
[Site "Willingen GER"]
[Date "2003.06.11"]
[Round "6"]
[White "Hoolt, Sarah"]
[Black "Großmann, Susan"]
[Result "1-0"]
[Termination "normal"]
[Board "3"]
[WhiteElo "1820"]
[BlackElo "1793"]
[PlyCount "129"]
[WhiteFideId "24606812"]
[BlackFideId "24608220"]
[EventCountry "GER"]
[EventRounds "9"]
[EventType "swiss"]
[EventDate "2003.06.07"]

1. e4 g6 2. d4 Bg7 3. f4 c6 4. Nf3 d5 5. e5 Bg4 6. Bd3 h5 7. h3 Bxf3 8. Qxf3 e6
9. Be3 h4 10. Nd2 Nh6 11. O-O Nf5 12. Bf2 Bf8 13. Rad1 Nd7 14. b3 Be7 15. Kh2
Qb6 16. c3 Qa5 17. Bb1 O-O-O 18. a4 Rdg8 19. Bc2 g5 20. b4 Qc7 21. Bxf5 exf5
22. fxg5 Rxg5 23. Qf4 f6 24. Nf3 fxe5 25. dxe5 Rg7 26. Rde1 Rhg8 27. Rg1 Rf8
28. Bxh4 Kb8 29. Bxe7 Rxe7 30. Re2 Nb6 31. a5 Nc4 32. Rge1 a6 33. Kh1 Ka8 34.
Nd4 Qd7 35. e6 Qd6 36. Qxd6 Nxd6 37. Re5 Ne4 38. Re3 f4 39. Rf3 Nd2 40. Rd3 Ne4
41. Kg1 Rg8 42. Nf5 Ree8 43. h4 Rg4 44. e7 Ka7 45. Kh2 Reg8 46. g3 fxg3+ 47.
Kg2 Re8 48. h5 Nf6 49. Rf3 Re4 50. Rxe4 dxe4 51. Re3 Kb8 52. h6 Kc7 53. Kxg3
Kd7 54. Re2 Rg8+ 55. Kf4 Nd5+ 56. Ke5 Nxe7 57. Rd2+ Nd5 58. Ne3 Rg5+ 59. Kxe4
Ke6 60. Nxd5 cxd5+ 61. Kd4 Rh5 62. Kc5 Rxh6 63. Rxd5 Rh3 64. c4 Rc3 65. Rd6+
1-0

[Event "DEM U16w 2003"]
[Site "Willingen GER"]
[Date "2003.06.11"]
[Round "6"]
[White "Romakin, Helene"]
[Black "Butschek, Tanja"]
[Result "1-0"]
[Termination "normal"]
[Board "4"]
[WhiteElo "1865"]
[BlackElo "1680"]
[PlyCount "53"]
[WhiteFideId "24605964"]
[BlackFideId "24604640"]
[EventCountry "GER"]
[EventRounds "9"]
[EventType "swiss"]
[EventDate "2003.06.07"]

1. e4 c6 2. Nc3 d5 3. Nf3 dxe4 4. Nxe4 Bf5 5. Ng3 Bg6 6. h4 h6 7. Ne5 Qd6 8. d4
Nd7 9. Nxg6 Qxg6 10. Bd3 Qd6 11. c3 Ngf6 12. Qf3 e5 13. O-O O-O-O 14. dxe5 Qxe5
15. Bf4 Qd5 16. Qe2 g5 17. Bc4 Qc5 18. b4 Qb6 19. Be3 Qc7 20. h5 Nb6 21. Bd4
Re8 22. Qd3 Nbd7 23. Bxf7 Rd8 24. Be6 Qd6 25. Qf5 Kb8 26. Bxd7 Bg7 27. Be5 1-0

[Event "DEM U16w 2003"]
[Site "Willingen GER"]
[Date "2003.06.11"]
[Round "6"]
[White "Winkelmann, Elena"]
[Black "Wölfer, Wiebke"]
[Result "1/2-1/2"]
[Termination "normal"]
[Board "5"]
[WhiteElo "1643"]
[BlackElo "1760"]
[PlyCount "83"]
[WhiteFideId "24607630"]
[EventCountry "GER"]
[EventRounds "9"]
[EventType "swiss"]
[EventDate "2003.06.07"]

1. e4 e5 2. Nc3 Bc5 3. g3 Nf6 4. Bg2 O-O 5. Nge2 d6 6. d3 Be6 7. O-O Qc8 8. Na4
Nfd7 9. h3 Nc6 10. Kh2 f5 11. f4 Qd8 12. fxe5 dxe5 13. Nxc5 Nxc5 14. Be3 Qd6
15. exf5 Rxf5 16. Rxf5 Bxf5 17. Nc3 a6 18. Bd5+ Kh8 19. Bg2 Rf8 20. Qd2 Bg6 21.
Rf1 Rxf1 22. Bxf1 Ne6 23. Bg2 Ncd8 24. Ne4 Qe7 25. Ng5 Nd4 26. Ne4 Qf7 27. Bxd4
exd4 28. a3 Bxe4 29. Bxe4 b6 30. Kg2 Ne6 31. Bd5 Kg8 32. Qf2 Nf4+ 33. Qxf4
Qxd5+ 34. Qf3 Qc5 35. Qe2 Kf7 36. Qf2+ Ke6 37. Qe2+ Kf7 38. Qf3+ Kg8 39. Qf2
Qd5+ 40. Kh2 c5 41. Qd2 b5 42. b3 1/2-1/2

[Event "DEM U16w 2003"]
[Site "Willingen GER"]
[Date "2003.06.11"]
[Round "6"]
[White "Katte, Isabel"]
[Black "Dauer, Christina"]
[Result "1/2-1/2"]
[Termination "normal"]
[Board "6"]
[WhiteElo "1712"]
[BlackElo "1444"]
[PlyCount "113"]
[WhiteFideId "24612987"]
[BlackFideId "24609781"]
[EventCountry "GER"]
[EventRounds "9"]
[EventType "swiss"]
[EventDate "2003.06.07"]

1. e4 e6 2. d4 d5 3. Nc3 Nf6 4. Bg5 Be7 5. e5 Nfd7 6. Bxe7 Qxe7 7. Qg4 f6 8. f4
c5 9. Nb5 Na6 10. Nd6+ Kf8 11. Bxa6 bxa6 12. c3 Rb8 13. Rb1 Nb6 14. b3 cxd4 15.
cxd4 Bd7 16. Qe2 Bb5 17. Nxb5 Qb4+ 18. Nc3 Qxc3+ 19. Qd2 Qxd2+ 20. Kxd2 Rc8 21.
Ne2 Ke7 22. Nc3 Rhf8 23. Rhf1 Rf7 24. Rbc1 Rcf8 25. Ke2 Nd7 26. Na4 fxe5 27.
fxe5 Rf4 28. Rxf4 Rxf4 29. Rd1 h5 30. g3 Re4+ 31. Kf3 g5 32. Nc3 Nxe5+ 33. dxe5
g4+ 34. Kf2 Rxe5 35. Rd4 Rf5+ 36. Kg2 Rf8 37. Nxd5+ exd5 38. Rxd5 Rh8 39. h3
Rc8 40. hxg4 hxg4 41. Ra5 Rc6 42. Kf2 Rf6+ 43. Kg2 Rc6 44. Ra4 Kf6 45. Rxg4
Rc2+ 46. Kh3 Rxa2 47. Ra4 Rxa4 48. bxa4 Kg5 49. a5 Kh5 50. g4+ Kg6 51. Kg3 Kg5
52. Kf3 Kg6 53. Kf4 Kf6 54. g5+ Kg7 55. Kf5 Kf7 56. g6+ Kg8 57. Kf6 1/2-1/2

[Event "DEM U16w 2003"]
[Site "Willingen GER"]
[Date "2003.06.11"]
[Round "6"]
[White "Schmidt, Jade"]
[Black "Forchmann, Anneliese"]
[Result "0-1"]
[Termination "normal"]
[Board "7"]
[WhiteElo "1519"]
[BlackElo "1715"]
[PlyCount "132"]
[EventCountry "GER"]
[EventRounds "9"]
[EventType "swiss"]
[EventDate "2003.06.07"]

1. d4 Nf6 2. c4 g6 3. Nc3 Bg7 4. e4 d6 5. f3 Nc6 6. Bg5 h6 7. Be3 O-O 8. Qd2
Kh7 9. O-O-O e5 10. d5 Ne7 11. g4 Nfg8 12. h4 a6 13. Nh3 Rb8 14. Kb1 Qe8 15. c5
dxc5 16. Bxc5 b6 17. Be3 b5 18. b3 a5 19. Rc1 Bd7 20. Nd1 a4 21. b4 Qd8 22. Nb2
Nc8 23. Nf2 Nd6 24. Qc3 Rc8 25. Nfd3 f5 26. gxf5 gxf5 27. Bg2 Nf6 28. Nc5 Nh5
29. Nbd3 Ng3 30. Nxd7 Qxd7 31. Nc5 Qe7 32. Rhe1 Nc4 33. Ne6 Rg8 34. Nxg7 Rxg7
35. Bf1 Nxf1 36. Bc5 Nfd2+ 37. Ka1 Qxh4 38. exf5 Qf6 39. f4 Qxf5 40. fxe5 Re8
41. Bd4 Rg2 42. e6 Qf3 43. Re3 Qxd5 44. Qd3+ Kg8 45. Rg3+ Rxg3 46. Qxg3+ Qg5
47. Rg1 Qxg3 48. Rxg3+ Kf8 49. Bc5+ Nd6 50. Rg6 N2c4 51. Rxh6 Kg7 52. Rh1 Rxe6
53. Bd4+ Kg6 54. Rg1+ Kf5 55. Rf1+ Kg4 56. Rg1+ Kf3 57. Rf1+ Kg2 58. Rg1+ Kh2
59. Rf1 Re2 60. Rf2+ Rxf2 61. Bxf2 Kg2 62. Bd4 Kf3 63. Kb1 Ke4 64. Bg7 Kd3 65.
Kc1 Ne4 66. Kd1 Nc3+ 0-1

[Event "DEM U16w 2003"]
[Site "Willingen GER"]
[Date "2003.06.11"]
[Round "6"]
[White "Mersmann, Maren"]
[Black "Nieberle, Cornelia"]
[Result "0-1"]
[Termination "normal"]
[Board "9"]
[WhiteElo "1669"]
[BlackElo "1450"]
[PlyCount "88"]
[EventCountry "GER"]
[EventRounds "9"]
[EventType "swiss"]
[EventDate "2003.06.07"]

1. e4 e5 2. Nf3 Nc6 3. d4 exd4 4. Nxd4 Bc5 5. Nxc6 bxc6 6. Bd3 d6 7. O-O Rb8 8.
Nc3 Nf6 9. Rb1 h6 10. Bf4 Bg4 11. Qd2 O-O 12. Na4 Bd4 13. c3 Bb6 14. Nxb6 axb6
15. Bc2 Ra8 16. a3 Re8 17. f3 Bd7 18. Rfe1 Nh5 19. Be3 Ra5 20. Qd3 Nf6 21. Bd4
c5 22. Be3 Ba4 23. b3 Bc6 24. a4 d5 25. Rbd1 Ra8 26. exd5 Qxd5 27. Qxd5 Nxd5
28. Bd2 Rxe1+ 29. Rxe1 Re8 30. Be4 Rd8 31. c4 Ne7 32. Bf4 Bxe4 33. Rxe4 Rd7 34.
Kf2 Kf8 35. Ke2 Nf5 36. Be5 Nd4+ 37. Bxd4 cxd4 38. b4 c5 39. bxc5 bxc5 40. Re5
Re7 41. Rxe7 Kxe7 42. g4 Kd6 43. f4 Kc6 44. h4 f6 0-1